| 000 | 00390pab a2200157 454500 | ||
|---|---|---|---|
| 008 | 180718b2006 xxu||||| |||| 00| 0 eng d | ||
| 100 | _aGhorbai, Narsi | ||
| 245 | _aGas export by pipeline from Iran to the Indian subcontinent | ||
| 260 | _c2006 | ||
| 300 | _ap.277-83. | ||
| 362 | _aJul-Dec | ||
| 650 | _aGas resources | ||
| 773 | _aSouth Asian Survey | ||
| 908 | _aN | ||
| 909 | _a74048 | ||
| 999 |
_c74048 _d74048 |
||